Kent düşleri projefikir (Record no. 6041)

MARC details
000 -BAŞLIK
Sabit Uzunlukta Kontrol Alanı 00983na a2200265 4500
001 - KONTROL NUMARASI
Denetim Alanı 19091
003 - KONTROL NUMARASI IDENTIFIER
Denetim Alanı MIRAKIL
005 - SON İŞLEM TARİHİ VE ZAMANI
Denetim Alanı 20181213155054.0
008 - SABİT-BOY VERİ ELEMANLARI - GENEL BİLGİLER
Sabit Uzunlukta Kontrol Alanı 161208b tu 000 0
020 ## - ULUSLARARASI STANDART KİTAP NUMARASI
Uluslararası Standart Kitap Numarası 9789944898942
040 ## - KATALOGLAMA KAYNAK
Orijinal Kataloglama Ajansı Milas
Kataloglama Dili tur
Metne Dönüştürmek Ajansı TR-AnCHP
041 ## - DİL KODU
Metin / Ses Parça Veya Ayrı Başlığın Dil Kodu tur
082 ## - DEWEY ONLU SINIFLANDIRMA NUMARASI
Sınıflandırma Numarası 711.5909561
Ürün Numarası K35 2010
090 ## - SINIFLAMA NUMARASI
Sınıflama Numarası 711.5909561 K35 2010
245 ## - BAŞLIK TABLOSU
Başlık Kent düşleri projefikir
Başlığın Kalan Ulucanlar Merkez Kapalı Cezaevi Değerlendirme Projesi
-- Mimarlık Öğrencileri Ulusal Fikir Yarışması
Sorumluluk Tablosu, Vb TMMOB Mimarlar Odası Ankara Şubesi
246 ## - UNVAN FORM VARYING
Başlık Doğru / Kısa Başlığı Mimarlık Öğrencileri Ulusal Fikir Yarışması
246 ## - UNVAN FORM VARYING
Başlık Doğru / Kısa Başlığı Ulucanlar Merkez Kapalı Cezaevi Değerlendirme Projesi
260 ## - YAYIN, DAĞITIM, VB
Yayın, Dağıtım, Vb Yeri Ankara
Yayıncı, Dağıtıcı, Vs Adı TMMOB Mimarlar Odası
Yayın, Dağıtım, Vb Tarihi 2010
300 ## - FİZİKSEL TANIM
Kapsam 245 s.
Diğer Fiziksel Ayrıntıları res.
Boyutlar 30 sm.
490 ## - SERİSİ TABLOSU
Seri Beyanı Kent Düşleri
Hacim / Ardışık Tanımı 1
610 ## - KONU KATMA GİRİŞ - TOPLANTI ADI
Giriş Elemanı Olarak Kurumsal Ad Veya Yargı Alanı Adı Ulucanlar Merkez Kapalı Cezaevi
Genel Alt Bölüm Mimari yapı
Kronolojik Alt Bölüm Projeler
650 ## - KONU KATMA GİRİŞ - TOPİKAL DÖNEM
Topikal Süreli Veya Coğrafi Ad Giriş Elemanı Mimarlık
Genel Alt Bölümü Yarışmalar
Coğrafi Alt Bölümü Ankara
710 ## - KATMA GİRİŞ - KURUMSAL ADI
Giriş Elemanı Olarak Kurumsal Ad Veya Yargı Alanı Adı TMMOB Mimarlar Odası Ankara Şubesi
942 ## - EKLENDİ GİRİŞ ELEMANLARI (KOHA)
Sınıflandırma Veya Raf Düzeni Kaynak Dewey Decimal Classification
Koha Öğesi Türü Books
999 ## - SİSTEM KONTROL NUMARALARI (KOHA)
Koha Biblionumber 6041
Koha Biblioitemnumber 6041
Holdings
Kalıcı Konum Mevcut Konum Edinme Tarihi Edinim Kaynak Toplam Check-Out'Lar Tam Çağrı Numarası Barkod Tarih Son Görülme İtibaren Geçerli Fiyatlar Koha Öğesi Türü
CHP Kütüphanesi CHP Kütüphanesi 12/08/2016 Bağış   711.5909561 K35 2010 008942 12/08/2016 12/08/2016 Books